000 nam a22 7a 4500
999 _c9619
_d9619
008 180205b ||||| |||| 00| 0 eng d
100 _aBhanot, D P
_95747
245 _aCommunicative english course main course -VII
260 _aNew Delhi
_bHoly faith publication